000 00374nam a2200169Ia 4500
001 14128
003 IN-NITTTR
005 20251114233133.0
008 251113s9999||||xx |||||||||||||| ||eng||
040 _beng
040 _cIN-NITTTR
041 _aeng
082 _a823 C881C
100 _aCronin . A . J.,
245 4 _aThe citadel /
_cCronin . A . J.
942 _2ddc
_cBK
999 _c16764
_d16764